000 00899nas a2200265 4500
001 BR8404598
003 BR-BrBNA
005 20231205090002.0
007 ta
008 230509b bl.|||p| |||| 00| 00por d
040 _aBR-BrBNA
_bpor
_cBiblioteca Nacional de Agricultura
041 _a(Pt)
072 _aH20
100 1 _aCoral, F.J.
100 1 _aBovi, O.A.
100 1 _aRibeiro, I.J.A.
111 1 _a28. Reuniao Anual da Sociedade Brasileira para o Progresso da Ciencia
_cBrasilia, DF (Brazil)
_d7-14 Jul 1976
245 1 _aAcao do fungo Ceratocystis fibriata Ell. e Halst., isolado de diversos hospedeiros, sobre mudas de cacaueiro [Theobroma cacao]
650 _aCACAU
650 _aMUDA
650 _aSECA DA MANGUEIRA
773 0 _tBragantia (Brazil)
_xISSN 0006-8705
_g(1984), v. 43(1) p. 245-248
_wBR8404598
909 _a202311
_bLúcia
_c55
_dLúcia Elande
942 _2AGRIS
_n0
_cANA
999 _c115300
_d115300